000 00295nam a22001337a 4500
008 170926b xxu||||| |||| 00| 0 eng d
020 _a9780321080875
041 _aeng
080 _25TH
_a37
100 _a46
101 _aEDU
245 _aRESEARCH IN EDUCATION
_cMILLAN,J,H
942 _2udc
_cBK
999 _c29955
_d29955